| 000 | 00455nam a22001457a 4500 | ||
|---|---|---|---|
| 008 | 221028b |||||||| |||| 00| 0 eng d | ||
| 020 | _a8171566075 | ||
| 050 |
_aLB1051 _b.S53 2003 |
||
| 100 | _aSharma, Ram Nath | ||
| 245 |
_aAdvanced educational psychology/ _cRam Nath Sharma & Rajendra Kumar Sharma |
||
| 260 |
_aNew Delhi _bAtlantic publishers & distributors (p) LTD _c2003 |
||
| 300 | _a567p. | ||
| 700 | _aSharma, Rajendra Kumar | ||
| 942 |
_2lcc _cBK |
||
| 999 |
_c19722 _d19721 |
||